| 000 | 00471nam a2200157Ia 4500 | ||
|---|---|---|---|
| 008 | 140529s9999 xx 000 0 und d | ||
| 020 | _a9789712721168 | ||
| 050 |
_aJQ 1410 _b.Az97 2008 |
||
| 100 | _aAzurin, ReneÌ B. | ||
| 245 |
_aPower without virtue : _ba critical perspective on Philippine governance / _cReneÌ B. Azurin |
||
| 260 |
_aManila, Philippines : _bAnvil, _cc2008. |
||
| 300 |
_a269 p. ; _c21 cm. |
||
| 521 | _aGE | ||
| 942 |
_kLOC _cBK |
||
| 999 |
_c117819 _d117819 |
||